000 01216nam a2200361 c 4500
001 7029
003 ES-MaCES
005 20141221121857.0
008 980608s1998 sp ||| | spa d
017 _aM. 6.894-1998
_bDL
020 _a8472485307
035 _aCES19980070984m
040 _aES-MaCES
_bspa
_cES-MaCES
100 1 _aRivero Ortega, Ricardo
_922138
245 1 0 _aAdministraciones públicas y Derecho privado
_cRicardo Rivero Ortega ; prólogo de Enrique Rivero Ysern
260 _aMadrid
_aBarcelona
_bMarcial Pons, Ediciones Jurídicas y Sociales
_c1998
300 _a336 p.
_c24 cm
490 1 _aMonografías jurídicas
504 _aBibliografía: p. 317-327
541 _cCompra
650 4 _aadministración pública
_927214
650 4 _aderecho público
_927169
650 4 _aderecho administrativo
_927155
650 4 _arégimen jurídico
_929894
650 4 _aEspaña
_926964
650 4 _aderecho comunitario
_929866
653 1 0 _aDerecho administrativo
700 1 _aRivero Ysern, Enrique
_epr.
_922141
830 0 _aMonografías jurídicas (Marcial Pons (Firma))
_932181
902 _aLIB Libro
942 _2CES
_cBK
_h6.0.2.
999 _c7029
_d7029